000 00407nam a2200145Ia 4500
008 191201s2004 xx 000 0 und d
082 _a621.3821
_bLEC
100 _aLEON GARCIA, Alberto
245 0 _aCommunication Networks Fundamental Concepts and Key Architectures
250 _a2nd
260 _aN.Delhi
_bTata McGraw Hill Pub co. Ltd
_c2004
300 _a900
650 _aB.Tech(ECE)
942 _2ddc
_cBK
999 _c1440
_d1440